Memoria sobre la explotacion de los robles por la Marina en la provincia de Santander y noticia acerca de las hayas de la misma provincia / (Record no. 152344)

MARC details
000 -LEADER
campo de control de longitud fija 00804nam a2200169 i 4500
001 - NÚMERO DE CONTROL
campo de control 152344
003 - IDENTIFICADOR DE NÚMERO DE CONTROL
campo de control ES-MaACL
005 - FECHA Y HORA DE LA ÚLTIMA TRANSACCIÓN
campo de control 20230906204642.0
008 - DATOS DE LONGITUD FIJA--INFORMACIÓN GENERAL
campo de control de longitud fija 931025s1881 sp a |||| | spa d
100 1# - ENTRADA PRINCIPAL--NOMBRE DE PERSONA
Nombre de persona Bona y García de Tejada, Casimiro.
9 (RLIN) 30050
245 10 - MENCIÓN DEL TÍTULO
Título Memoria sobre la explotacion de los robles por la Marina en la provincia de Santander y noticia acerca de las hayas de la misma provincia /
Mención de responsabilidad, etc. por Casimiro Bona y García de Tejada.
260 ## - PUBLICACIÓN, DISTRIBUCIÓN, ETC.
Lugar de publicación, distribución, etc. Madrid :
Nombre del editor, distribuidor, etc. [s.n.],
Fecha de publicación, distribución, etc. 1881 (
Fabricante Imprenta de la Gaceta de los Caminos de Hierro)
300 ## - DESCRIPCIÓN FÍSICA
Extensión 128 p. :
Otras características físicas [17] h. de lam. ;
Dimensiones 32 cm.
597 ## - NOTA DE DESCRIPCIÓN FÍSICA
NOTA DE DESCRIPCIÓN FÍSICA Las h. de lam. corresponden a un atlas de la memoria sobre la explotación de los robles.
650 #4 - PUNTO DE ACCESO ADICIONAL DE MATERIA--TÉRMINO DE MATERIA
Término de materia o nombre geográfico como elemento de entrada Recursos forestales-
Subdivisión geográfica Santander (Provincia)
9 (RLIN) 136810
852 ## - LOCALIZACIÓN
Ubicación ES-MaACL
Número de control de estantería G-2221
Nota libre -- Enc. hol.
Holdings
Estatus retirado Estado de pérdida Estado de daño No para préstamo Colección Biblioteca de origen Biblioteca actual Ubicación en estantería Fecha de adquisición Fuente de adquisición Total de préstamos Signatura topográfica completa Código de barras Visto por última vez Precio de reemplazo Tipo de ítem Koha
        Libros del s. XIX Biblioteca del Ateneo de Madrid Biblioteca del Ateneo de Madrid Depósito 2 17/01/2008     G-2221 1159061 23/02/2023 23/02/2023 Libro impreso antiguo